000 00605nam a2200181 i 4500
001 43954
003 ES-MaACL
005 20230906160922.0
007 t|
008 030320s1907 fr ||||1| fre d
100 1 _aCicerón, Marco Tulio.
_938748
245 1 0 _aBrutus /
_coeuvres de Cicerón ; texte latin revu et publié avec un commentaire critique et explicatif, une introduction et un index par Jules Martha.
250 _a2ème ed.
260 _aParis :
_bHachette et Cie,
_c1907 (
_fLahure)
300 _aXLVII, 261 p. ;
_c24 cm.
700 1 _aMartha, Jules.
_977175
852 _aES-MaACL
_jF-12335
999 _c43954
_d43954